|
|
|
|
| LEADER |
00000nam0a2200000 4500 |
| 001 |
279687 |
| 005 |
20240209131355.0 |
| 035 |
|
|
|a (RuTPU)RU\TPU\book\302992
|
| 090 |
|
|
|a 279687
|
| 100 |
|
|
|a 20141223d2014 m y0rusy50 ca
|
| 101 |
0 |
|
|a rus
|
| 102 |
|
|
|a RU
|
| 105 |
|
|
|a y j 001zy
|
| 200 |
1 |
|
|a Инновационная инфраструктура рынка
|e учебное пособие
|f Национальный исследовательский Томский политехнический университет (ТПУ) ; авт.-сост. Л. Ю. Спицына
|
| 210 |
|
|
|a Томск
|c Изд-во ТПУ
|d 2014
|
| 215 |
|
|
|a 118 с.
|
| 320 |
|
|
|a Библиогр.: с. 112-116.
|
| 330 |
|
|
|a В пособии рассматриваются основные понятия, связанные с национальной и региональной инновационной системой, состав и функции инновационной инфраструктуры рынка РФ и ведущих зарубежных стран; анализируются наиболее острые проблемы формирования адекватной инновационной инфраструктуры в России; приводятся алгоритмы формирования и реализации инновационных проектов.Предназначено для студентов, обучающихся по специальности 080100 «Экономика», профиль «Инновационная экономика».
|
| 606 |
1 |
|
|a Инновационная экономика
|2 stltpush
|3 (RuTPU)RU\TPU\subj\67863
|9 83511
|
| 610 |
1 |
|
|a экономика
|
| 610 |
1 |
|
|a инновации
|
| 610 |
1 |
|
|a инновационная инфраструктура
|
| 610 |
1 |
|
|a инновационная деятельность
|
| 610 |
1 |
|
|a финансирование
|
| 610 |
1 |
|
|a государственная инновационная политика
|
| 610 |
1 |
|
|a Россия
|
| 610 |
1 |
|
|a 21 век
|
| 610 |
1 |
|
|a льготы
|
| 610 |
1 |
|
|a интеллектуальная собственность
|
| 610 |
1 |
|
|a инновационное предпринимательство
|
| 610 |
1 |
|
|a региональные инновации
|
| 610 |
1 |
|
|a предприятия
|
| 610 |
1 |
|
|a управление
|
| 610 |
1 |
|
|a инновационные проекты
|
| 610 |
1 |
|
|a риски
|
| 610 |
1 |
|
|a бизнес-планы
|
| 610 |
1 |
|
|a инновационные стратегии
|
| 610 |
1 |
|
|a учебные пособия
|
| 610 |
1 |
|
|a труды учёных ТПУ
|
| 686 |
|
|
|a У9(2)0-551я73
|2 rubbk
|
| 702 |
|
1 |
|a Спицына
|b Л. Ю.
|c экономист
|c доцент Томского политехнического университета, кандидат экономических наук
|f 1976-
|g Любовь Юрьевна
|3 (RuTPU)RU\TPU\pers\31992
|4 220
|4 070
|9 16052
|
| 712 |
0 |
2 |
|a Национальный исследовательский Томский политехнический университет (ТПУ)
|c (2009- )
|3 (RuTPU)RU\TPU\col\15902
|
| 801 |
|
1 |
|a RU
|b 63413507
|c 20141223
|
| 801 |
|
2 |
|a RU
|b 63413507
|c 20141226
|g RCR
|
| 942 |
|
|
|c BK
|